| 000 | 00881cam a22002775a 4500 | ||
|---|---|---|---|
| 001 | 18993280 | ||
| 003 | PILC | ||
| 005 | 20160322121203.0 | ||
| 008 | 160227s2015 xx 000 0 eng | ||
| 010 | _a 2015510956 | ||
| 020 | _a9781482253078 | ||
| 020 | _a1482253070 | ||
| 040 |
_aDLC _cDLC |
||
| 042 | _apcc | ||
| 050 |
_aHE 194 _b.B967 2016 |
||
| 100 | _aBurns, Maria G. | ||
| 245 | 0 | 0 |
_aLogistics and transportation security _bA strategic, tactical, and operational guide to resilience / |
| 260 |
_bCRC Press, _c2016. _aForida : |
||
| 300 |
_axxxvii, 380 pages : _billustrations ; _c26 cm. |
||
| 500 | _aIncludes bibliographical references and index. | ||
| 650 | 0 |
_aTransportation _xSecurity measures. |
|
| 650 | 0 |
_aLogistics _xSecurity measures. |
|
| 906 |
_a0 _bibc _corigres _d2 _encip _f20 _gy-gencatlg |
||
| 942 |
_2lcc _cBK |
||
| 999 |
_c292835 _d292835 |
||